[Event "Dortmund Sparkassen op-A"]
[Site "Dortmund"]
[Date "2006.07.28"]
[Round "2"]
[White "Hellwig, Thomas"]
[Black "Fox, Daniel"]
[Result "1-0"]
[WhiteElo "1820"]
[BlackElo "2016"]
[PlyCount "61"]
[EventDate "2006.07.28"]
[EventType "swiss"]
[EventRounds "9"]
[EventCountry "GER"]
[SourceTitle "CBM 113 Extra"]
[Source "ChessBase"]
[SourceDate "2006.09.14"]
[SourceVersion "1"]
[SourceVersionDate "2006.09.14"]
[SourceQuality "1"]

1. Nf3 d5 2. d4 Nf6 3. c4 e6 4. g3 Bb4+ 5. Nbd2 0-0 6. Bg2 c6 7. 0-0 Nbd7 8. a3 Bd6 9. b4 a5 10. c5 Bc7 11. Bb2 Qe7 12. Qc2 e5 13. e4 dxe4 14. Nxe4 Nxe4 15. Qxe4 f5 16. Qe2 e4 17. Rfe1 axb4 18. axb4 Rxa1 19. Bxa1 Nf6 20. b5 Be6 21. Ng5 cxb5 22. Nxe6 Qxe6 23. Qxb5 Qc6 24. Rb1 Ra8 25. Bc3 Rb8 26. Bh3 g6 27. Bf1 Qxb5 28. Rxb5 Kf8 29. Bc4 f4 30. d5 Ng4 31. d6 1-0

[Event "Dortmund op-B"]
[Site "Dortmund"]
[Date "2004.07.31"]
[Round "9"]
[White "Hellwig, Thomas"]
[Black "Sieberg, Rolf"]
[Result "1-0"]
[WhiteElo "1769"]
[BlackElo "1654"]
[PlyCount "171"]
[EventDate "2004.07.??"]
[EventType "swiss"]
[EventRounds "9"]
[EventCountry "GER"]
[SourceTitle "EXT 2006"]
[Source "ChessBase"]
[SourceDate "2005.11.24"]
[SourceVersion "1"]
[SourceVersionDate "2005.11.24"]
[SourceQuality "1"]

1. d4 Nf6 2. c4 g6 3. Nc3 Bg7 4. e4 d6 5. Nf3 0-0 6. Be2 Nbd7 7. 0-0 e5 8. Re1 exd4 9. Nxd4 Nc5 10. Bf1 a5 11. h3 Ne6 12. Be3 Re8 13. Ndb5 Bd7 14. Rc1 Bxb5 15. cxb5 Nc5 16. f3 Nfd7 17. Qc2 Qh4 18. Bf2 Qg5 19. Nd5 Qd8 20. Rcd1 b6 21. b4 axb4 22. Nxb4 Qg5 23. Be3 Qh4 24. Bf2 Qg5 25. Nd5 Qd8 26. Bd4 Bxd4+ 27. Rxd4 Nf6 28. Nb4 Nfd7 29. Red1 Qg5 30. Nd5 Qd8 31. f4 Nf6 32. e5 Nxd5 33. Rxd5 Nb7 34. f5 Qc8 35. fxg6 hxg6 36. exd6 Nxd6 37. Bc4 Nxc4 38. Qxc4 Re7 39. Qc3 Re8 40. Rd7 Qb8 41. Qc4 Rf8 42. Rf1 Qe8 43. Rxc7 Ra3 44. Rc6 Rg3 45. Qf4 Ra3 46. Rxb6 Rxa2 47. Ra6 Rb2 48. Qc4 Qxb5 49. Rxg6+ Kh7 50. Rxf7+ Kxg6 51. Qxb5 Rxb5 52. Rxf8 Rb2 53. Kh2 Kg5 54. Rg8+ Kh4 55. Rg4+ Kh5 56. Rd4 Ra2 57. Rd3 Kh4 58. Re3 Rb2 59. Kg1 Ra2 60. Re4+ Kh5 61. Kf1 Rb2 62. Re2 Rb3 63. Kf2 Ra3 64. g3 Rb3 65. Kg2 Ra3 66. Re5+ Kh6 67. h4 Rb3 68. Kf2 Ra3 69. Re3 Ra4 70. Kf3 Kh5 71. Re5+ Kh6 72. g4 Rb4 73. Re6+ Kh7 74. h5 Ra4 75. Re4 Ra5 76. Kf4 Kh6 77. Re3 Kh7 78. g5 Rb5 79. Re7+ Kh8 80. Re5 Rb1 81. Kf5 Kh7 82. Re7+ Kh8 83. Kf6 Rb6+ 84. Re6 Rb5 85. Re8+ Kh7 86. g6+ 1-0

[Event "Dortmund op-B"]
[Site "Dortmund"]
[Date "2004.07.30"]
[Round "8"]
[White "Schoettler, Katharina"]
[Black "Hellwig, Thomas"]
[Result "1/2-1/2"]
[WhiteElo "1587"]
[BlackElo "1769"]
[PlyCount "24"]
[EventDate "2004.07.??"]
[EventType "swiss"]
[EventRounds "9"]
[EventCountry "GER"]
[SourceTitle "EXT 2006"]
[Source "ChessBase"]
[SourceDate "2005.11.24"]
[SourceVersion "1"]
[SourceVersionDate "2005.11.24"]
[SourceQuality "1"]

1. e4 c5 2. c4 Nc6 3. Nf3 g6 4. d4 cxd4 5. Nxd4 Bg7 6. Be3 a6 7. Nc3 Nf6 8. f3 0-0 9. Be2 Qb6 10. Qd2 e6 11. Nxc6 Qxc6 12. 0-0 Ne8 1/2-1/2

[Event "Dortmund op-B"]
[Site "Dortmund"]
[Date "2004.07.25"]
[Round "3"]
[White "Hellwig, Thomas"]
[Black "Meyer, Susanne"]
[Result "1-0"]
[WhiteElo "1769"]
[BlackElo "1534"]
[PlyCount "49"]
[EventDate "2004.07.??"]
[EventType "swiss"]
[EventRounds "9"]
[EventCountry "GER"]
[SourceTitle "EXT 2006"]
[Source "ChessBase"]
[SourceDate "2005.11.24"]
[SourceVersion "1"]
[SourceVersionDate "2005.11.24"]
[SourceQuality "1"]

1. d4 d5 2. c4 e6 3. Nc3 Nf6 4. Nf3 Be7 5. g3 0-0 6. Bg2 b6 7. 0-0 Bb7 8. Ne5 c5 9. dxc5 bxc5 10. Bf4 Qb6 11. cxd5 Rd8 12. e4 Ba6 13. Re1 Qxb2 14. Qb3 Qxb3 15. axb3 Bb7 16. Nc4 Na6 17. Na5 Bc8 18. Nc6 Rd7 19. Nxe7+ Rxe7 20. d6 Rd7 21. e5 Nd5 22. Nxd5 exd5 23. Bxd5 Rb8 24. e6 fxe6 25. Bxe6+ 1-0

[Event "Dortmund op-B"]
[Site "Dortmund"]
[Date "2004.07.23"]
[Round "1"]
[White "Hellwig, Thomas"]
[Black "Bastians, Felix"]
[Result "0-1"]
[WhiteElo "1769"]
[BlackElo "1556"]
[PlyCount "77"]
[EventDate "2004.07.??"]
[EventType "swiss"]
[EventRounds "9"]
[EventCountry "GER"]
[SourceTitle "EXT 2006"]
[Source "ChessBase"]
[SourceDate "2005.11.24"]
[SourceVersion "1"]
[SourceVersionDate "2005.11.24"]
[SourceQuality "1"]

1. d4 Nf6 2. c4 c5 3. d5 e6 4. Nc3 exd5 5. cxd5 d6 6. e4 g6 7. Bd3 Bg7 8. Nge2 0-0 9. 0-0 Nbd7 10. f4 a6 11. a4 Re8 12. Ng3 b6 13. e5 dxe5 14. f5 e4 15. Ngxe4 Nxe4 16. Nxe4 Ne5 17. fxg6 hxg6 18. Be2 Bb7 19. Nc3 Qd6 20. Bg5 f5 21. Bf4 Rad8 22. Qd2 Qd7 23. Bg5 Rc8 24. Rad1 Nf7 25. Bf3 Nd6 26. b3 c4 27. b4 Nf7 28. Bf4 Ne5 29. Be2 Nd3 30. Bxd3 cxd3 31. Rc1 Bxc3 32. Rxc3 Rxc3 33. Qxc3 Qxd5 34. Rf2 Re2 35. Bh6 Qe5 36. Qxd3 Qe4 37. Qb3+ Bd5 38. Rxe2 Qxe2 39. Qf3 0-1

[Event "Dortmund-ch"]
[Site "Dortmund"]
[Date "2004.03.19"]
[Round "9"]
[White "Hellwig, Thomas"]
[Black "Benke, Werner"]
[Result "1-0"]
[WhiteElo "1806"]
[BlackElo "1609"]
[PlyCount "97"]
[EventDate "2004.03.01"]
[EventType "swiss"]
[EventRounds "9"]
[EventCountry "GER"]
[SourceTitle "EXT 2006"]
[Source "ChessBase"]
[SourceDate "2005.11.24"]
[SourceVersion "1"]
[SourceVersionDate "2005.11.24"]
[SourceQuality "1"]

1. d4 d5 2. c4 e6 3. Nf3 Nf6 4. Nc3 Be7 5. g3 b6 6. Bg2 0-0 7. 0-0 Bb7 8. Ne5 Nbd7 9. Qa4 Nxe5 10. dxe5 Nd7 11. cxd5 exd5 12. Nxd5 Nc5 13. Qd1 c6 14. Nxe7+ Qxe7 15. Qd6 Rfe8 16. b4 Ne6 17. Qxe7 Rxe7 18. Rd1 Rd8 19. Rxd8+ Nxd8 20. Bg5 Rd7 21. Bxd8 Rxd8 22. b5 Rc8 23. Rd1 Kf8 24. Rd7 Ba8 25. Rxa7 Ke8 26. Ra6 Ke7 27. Rxb6 cxb5 28. Bxa8 Rxa8 29. Rxb5 Rxa2 30. e3 Ke6 31. Kg2 Rc2 32. h4 Rd2 33. Kf3 Ra2 34. h5 Rc2 35. h6 g6 36. Rb8 Kxe5 37. Rh8 Kf6 38. Rxh7 Rc1 39. Rh8 Rh1 40. Kf4 Rf1 41. f3 Rh1 42. e4 Rh3 43. Kg4 Rh1 44. f4 Rh2 45. e5+ Ke7 46. h7 Rh1 47. Kf3 Rh2 48. e6 fxe6 49. Ra8 1-0